Cidadania como consumo ou cidadania como agência: uma comparação entre as reformas de democratização da Bolívia e do Brasil /
El texto se estructura en dos partes: la primera, habla acerca de una comparación de los modelos de ciudadanía presentes en América Latina: la ciudadanía como consumo, la cual refleja las consecuencias de los modelos de mercado sobre los esquemas de representación; y lasociedad como agencia, en la q...
Wedi'i Gadw mewn:
| Prif Awdur: | |
|---|---|
| Fformat: | Llyfr |
| Iaith: | Portuguese |
| Pynciau: | |
| Tagiau: |
Ychwanegu Tag
Dim Tagiau, Byddwch y cyntaf i dagio'r cofnod hwn!
|
MARC
| LEADER | 00000nam a22000007a 4500 | ||
|---|---|---|---|
| 003 | cru CIDCACS/IIS | ||
| 005 | 20200925161157.0 | ||
| 007 | ta | ||
| 008 | 161205b2011 bl ||||| |||| 00| 0 por d | ||
| 999 | |c 18799 |d 18799 | ||
| 040 | |c CRAI/IIS |a CRAI/IIS | ||
| 100 | 1 | |9 717 |a Oxhorn, Philip | |
| 245 | 1 | |a Cidadania como consumo ou cidadania como agência: |b uma comparação entre as reformas de democratização da Bolívia e do Brasil / |c Philip Oxhorn | |
| 300 | |a páginas 18-43 | ||
| 520 | |a El texto se estructura en dos partes: la primera, habla acerca de una comparación de los modelos de ciudadanía presentes en América Latina: la ciudadanía como consumo, la cual refleja las consecuencias de los modelos de mercado sobre los esquemas de representación; y lasociedad como agencia, en la que el autor enfatiza el surgimiento de formas alternativas como potenciadoras de la participación y representación política. En el segundo apartado, el autor contrasta el potencial de la ciudadanía como agencia, para el caso de Bolivia y de Brasil, considerando las reformas en democratización que han tenido ambos países: la Ley de Participación Política en Bolivia; y los Presupuestos Participativos para el caso de Porto Alegre en Brasil. Como conclusiones del autor, se evidencia la complejidad de la aplicación de la ciudadanía como agencia, en sociedades arraigadas a la ciudadanía de consumo; no obstante, el autor destaca que, en el caso de los Presupuestos Participativos, se manifiesta una propuesta para fortalecer la ciudadanía como agencia en América Latina. | ||
| 650 | 0 | |9 83 |a DEMOCRACIA | |
| 650 | 4 | |9 3207 |a PARTICIPACION POLITICA | |
| 650 | 0 | |9 243 |a ESTADO | |
| 650 | 0 | |9 3639 |a COMPORTAMIENTO POLITICO | |
| 650 | 0 | |a CIUDADANIA |9 414 | |
| 651 | 0 | |9 387 |a BRASIL | |
| 651 | 0 | |9 3492 |a BOLIVIA | |
| 773 | 0 | |0 18792 |9 202 |a Universidade Federal do Rio Grande do Sul. |d Porto Alegre, Brasil: UFRGS. IFCH, 2007- |o R14836 |t Sociologias / |x 15174522 | |
| 942 | |2 ddc |c PP | ||
